000
00413nam a2200109Ia 4500
008
260427s2019 xx 000 0 und d
041
_a
hin
100
_a
गो. वि. कुलकर्णी
245
_a
या वयात हे असंच असतं
260
_b
अभिनंदन प्रकाशन, मंगळवार पेठ, कोल्हापूर
_c
2019
300
_a
Soft/P-280
999
_c
1221090
_d
1221090